ARRUPE JESUIT UNIVERSITY

CORONAVIRUS -STOP THE SPREAD - CLEAN,DISINFECT,COVER

My philosophical development / (Record no. 128684)

MARC details
000 -LEADER
fixed length control field 00914nam a2200265 a 4500
001 - CONTROL NUMBER
control field 699299
003 - CONTROL NUMBER IDENTIFIER
control field ARRUPE
005 - DATE AND TIME OF LATEST TRANSACTION
control field 20181130113556.0
008 - FIXED-LENGTH DATA ELEMENTS--GENERAL INFORMATION
fixed length control field 960510s1995 enk b 001 0aeng
010 ## - LIBRARY OF CONGRESS CONTROL NUMBER
LC control number 96163548
020 ## - INTERNATIONAL STANDARD BOOK NUMBER
International Standard Book Number 0415136016
040 ## - CATALOGING SOURCE
Original cataloging agency DLC
Transcribing agency DLC
050 00 - LIBRARY OF CONGRESS CALL NUMBER
Classification number B1649.R94
Item number A28 1995
082 00 - DEWEY DECIMAL CLASSIFICATION NUMBER
Classification number 192
-- B
Edition number 21
300 ## - PHYSICAL DESCRIPTION
Dimensions 20 cm.
100 1# - MAIN ENTRY--PERSONAL NAME
Personal name Russell, Bertrand,
Dates associated with a name 1872-1970.
9 (RLIN) 11326
245 10 - TITLE STATEMENT
Title My philosophical development /
Statement of responsibility, etc Bertrand Russell ; with an introduction by Thomas Baldwin.
250 ## - EDITION STATEMENT
Edition statement Rev ed.
260 ## - PUBLICATION, DISTRIBUTION, ETC. (IMPRINT)
Place of publication, distribution, etc London ;
-- New York :
Name of publisher, distributor, etc Routledge,
Date of publication, distribution, etc 1995.
300 ## - PHYSICAL DESCRIPTION
Extent 207 p. ;
504 ## - BIBLIOGRAPHY, ETC. NOTE
Bibliography, etc Includes bibliographical references and index.
600 10 - SUBJECT ADDED ENTRY--PERSONAL NAME
Personal name Russell, Bertrand,
Dates associated with a name 1872-1970.
9 (RLIN) 11326
906 ## - LOCAL DATA ELEMENT F, LDF (RLIN)
a 7
b cbc
c orignew
d 2
e ncip
f 19
g y-gencatlg
942 ## - ADDED ENTRY ELEMENTS (KOHA)
Source of classification or shelving scheme Library of Congress Classification
Koha item type Monograph ( Printed materials)
Holdings
Withdrawn status Lost status Source of classification or shelving scheme Damaged status Not for loan Collection code Home library Current library Shelving location Date acquired Total Checkouts Full call number Barcode Date last seen Price effective from Koha item type
    Library of Congress Classification     Main Collection ARRUPE LIBRARY ARRUPE LIBRARY Main Collection 30/11/2018   B1649.R94 A28 1995 46600002704 30/11/2018 30/11/2018 Monograph ( Printed materials)

 

Arrupe Library. PO Box MP320 Mt Pleasant, Harare, Zimbabwe
263 242 745411|librarian@aju.ac.zw